000 00991nam a22003137a 4500
003 CHAP
005 20220329140620.0
008 971013s1941 r 00010 d
010 _a54804
011 _a55776
035 _a59929
040 _cCHAP
082 _a330.9
_bT87
100 0 0 _aTur Canudas, Angel.
_9115583
245 _aGeografía económica. América-El Mundo
260 _aMéxico :
_bFuente Cultural,
_c1941
300 _a467 p.
_b: ilus.
590 _aBATCH-UPD
_b10
_c20130110
_lUCH01
_h0524
590 _aBATCH-UPD
_b10
_c20130410
_lUCH01
_h0203
590 _aBATCH-UPD
_b10
_c20130914
_lUCH01
_h1026
590 _aCONVERSION
_b10
_c20130109
_lUCH01
_h1330
650 1 4 _aCondiciones económicas
_xCuba
_y1918.
_926325
650 1 4 _aGeografía económica.
_947575
650 1 4 _aRecursos naturales.
_995172
901 _aBK
942 _cLIBRO
949 _a330.9 T87
_bBC
_cBPA
_d33724000318812
_eBPA
_i59929
_si
949 _a330.9 T87
_bBC
_cBPA
_d33724000318820
_eBPA
_fc.2
_i59929
_si
999 _c54804
_d54804